| 000 | 01758cam a2200313 a 4500 | ||
|---|---|---|---|
| 999 |
_c1029 _d1029 |
||
| 001 | 1284508 | ||
| 005 | 20200316113716.0 | ||
| 008 | 190308s2018 nyu 000 1 eng | ||
| 020 |
_a9780593085851 _qpbk. |
||
| 040 |
_aDLC _beng _cDLC _erda _dPVY |
||
| 042 | _anbic | ||
| 082 | _aFIC OWE | ||
| 100 | 1 |
_aOwens, Delia, _eauthor. |
|
| 245 | 1 | 0 |
_aWhere the crawdads sing / _cDelia Owens. |
| 250 | _aExport ed. | ||
| 260 |
_aNew York : _bG.P. Putnam's Sons, _cc2019. |
||
| 300 |
_a370 pages : _bmap ; _c24 cm. |
||
| 336 |
_atext _btxt _2rdacontent. |
||
| 337 |
_aunmediated _bn _2rdamedia. |
||
| 338 |
_avolume _bnc _2rdacarrier. |
||
| 500 | _aSeptember 2018 selection of Reese Witherspoon's book club. | ||
| 520 | _aFor years, rumors of the "Marsh Girl" have haunted Barkley Cove, a quiet town on the North Carolina coast. She's barefoot and wild; unfit for polite society. So in late 1969, when handsome Chase Andrews is found dead, the locals immediately suspect Kya Clark. But Kya is not what they say. Abandoned at age ten, she has survived on her own in the marsh that she calls home. A born naturalist with just one day of school, she takes life lessons from the land, learning from the false signals of fireflies the real way of this world. But while she could have lived in solitude forever, the time comes when she yearns to be touched and loved. Drawn to two young men from town, who are each intrigued by her wild beauty, Kya opens herself to a new and startling world--until the unthinkable happens. | ||
| 600 | 1 | 0 |
_aOwens, Delia, _eauthor. _tWhere the crawdads sing. |
| 650 | 0 |
_aSolitude _vFiction. |
|
| 650 | 0 |
_aAbandoned children _vFiction. |
|
| 650 | 0 |
_aWomen hermits _vFiction. |
|
| 651 | 0 |
_aNorth Carolina _vFiction. |
|
| 942 |
_2ddc _cFIC |
||